| 000 | 01022cam a2200289 i 4500 | ||
|---|---|---|---|
| 999 |
_c6844 _d6844 |
||
| 020 |
_a9789573282761 _cNT$350 |
||
| 100 | 1 | _a朱楚文, | |
| 245 | 1 | 0 |
_a全球頂尖領袖親授的17堂課 : _b站在17位巨人肩上看見世界轉動趨勢 = 17 classes on global trends from world's top leaders / _c朱楚文著 |
| 250 | _a初版 | ||
| 300 |
_a285面 : _b圖 ; _c21公分 |
||
| 490 | 1 |
_aBeyond ; _v10. |
|
| 942 |
_2ccl _cBOOK |
||